[Event "Wuerttemberg-ch U14"]
[Site "Friedrichshafen"]
[Date "2005.03.30"]
[Round "3"]
[White "Schlude, Timo"]
[Black "Oefner, Lukas"]
[Result "1-0"]
[WhiteElo "1244"]
[BlackElo "1039"]
[PlyCount "99"]
[EventDate "2005.03.29"]
[EventType "swiss"]
[EventRounds "7"]
[EventCountry "GER"]
[SourceTitle "EXT 2007"]
[Source "ChessBase"]
[SourceDate "2006.11.23"]
[SourceVersion "1"]
[SourceVersionDate "2006.11.23"]
[SourceQuality "1"]

1. e4 e5 2. Nf3 Nc6 3. Bc4 Nf6 4. Ng5 d5 5. exd5 Nxd5 6. Nxf7 Kxf7 7. Qf3+ Ke8 8. Bxd5 Qd7 9. Bxc6 bxc6 10. Qh5+ Kd8 11. Qxe5 Bd6 12. Qg5+ Be7 13. Qe3 Re8 14. 0-0 Bf6 15. Qd3 Rb8 16. Qxd7+ Bxd7 17. c3 c5 18. Na3 Rb6 19. Nc4 Rbe6 20. Ne3 Bb5 21. Rd1 Bd3 22. b3 Bg5 23. Ba3 Be7 24. g3 g5 25. Re1 Bd6 26. Ng2 Bf8 27. Rxe6 Rxe6 28. Ne3 Bh6 29. Bxc5 g4 30. Bxa7 Kc8 31. b4 Bxe3 32. Bxe3 Kd7 33. a4 Ra6 34. a5 Kc6 35. Re1 Bf5 36. Bd4 Kb5 37. Re5+ Kc4 38. Rxf5 Kd3 39. Be3 c5 40. Rxc5 Ke2 41. Rb5 Re6 42. Rb6 Re7 43. a6 h5 44. Rb7 Re6 45. a7 Ra6 46. Rb8 Ra1+ 47. Kg2 h4 48. gxh4 Rf1 49. a8Q Rxf2+ 50. Bxf2 1-0